Thank you dad / (Record no. 40837)

MARC details
000 -LEADER
fixed length control field 00615nam a22001937a 4500
005 - DATE AND TIME OF LATEST TRANSACTION
control field 20100811105236.0
010 ## - LCCN (DPL NO)
LC control number ENG-99562
020 ## - INTERNATIONAL STANDARD BOOK NUMBER
Terms of availability 150.00
035 ## - SYSTEM CONTROL NUMBER
System control number EN-83094
037 ## - SOURCE OF ACQUISITION
Source of stock number/acquisition DBAD/PUB
082 ## - DEWEY DECIMAL CLASSIFICATION NUMBER
Classification number N
100 ## - MAIN ENTRY--PERSONAL NAME
Personal name Desai,J P
245 ## - TITLE STATEMENT
Title Thank you dad /
Statement of responsibility, etc by J P Desai
260 ## - PUBLICATION, DISTRIBUTION, ETC. (IMPRINT)
Place of publication, distribution, etc Mumbai
Name of publisher, distributor, etc Granthayan Publication
Date of publication, distribution, etc 2008
270 ## - ADDRESS
Address A/3/1, Shivshrishti Sector-4 Sanpada Navi Mumbai
City Mumbai
Postal code 400705
300 ## - PHYSICAL DESCRIPTION
Extent 168p
Dimensions 21cm(pbk)
942 ## - ADDED ENTRY ELEMENTS (KOHA)
Source of classification or shelving scheme Dewey Decimal Classification
Item type English Books
Classification part N
Call number suffix DES
Holdings
Withdrawn status Lost status Not for loan Collection code Home library Current library Date acquired Source of acquisition Cost, normal purchase price Full call number Barcode Copy number Cost, replacement price Koha item type
    Not For Loan Fiction D.B.Act.Division D.B.Act.Division 11/08/2010 DBAD/PUB 150.00 N DES EN-83094 1 150.00 English Books

© Delhi Public Library
Hit Counter
free hit counter